Online Catalogue and eLibrary

Directory of NGO'S : (Record no. 3228)

MARC details
000 -LEADER
fixed length control field 00269nam a2200097Ia 4500
008 - FIXED-LENGTH DATA ELEMENTS--GENERAL INFORMATION
fixed length control field 240331s9999 xx 000 0 und d
082 ## - DDC Classification
Item Number - Author Mark DIR
100 ## - MAIN ENTRY--PERSONAL NAME
Personal name Periyannanpillai, V. ed
245 #0 - TITLE STATEMENT
Title Directory of NGO'S :
Remainder of title working for human rights, peace and democracy
942 ## - Koha item type (Biblio)
Koha item type Books in Stacks (Lending)
Holdings
Lost status Damaged status Collection code Home library Current library Shelving location Date acquired Full call number Accession Number Item type
    Lending WERC Library WERC Library Social Science Cupboard 03/31/2024 323.4 DIR 5677 Books in Stacks (Lending)

© WERC Library